Effective methodology for the study of HCI /

Bibliographic Details
Main Author: Kirakowski, Jurek
Other Authors: Corbett, Mary
Format: Book
Language:English
Published: Amsterdam ; New York : North-Holland ; 1990.
Series:Human factors in information technology ; 5.
Subjects:

MARC

Tag First Indicator Second Indicator Subfields
LEADER 00000cam a2200000 a 4500
001 in00000915548
005 20150924124413.0
008 890928s1990 ne b 00110 eng
010 |a  89023200  
020 |a 0444884475 
035 |a (OCoLC)20526905 
035 |9 AEP0926AM 
040 |a DLC  |c DLC  |d TXA  |d UtOrBLW 
049 |a TXAM  |c [A13009866] 
050 0 0 |a QA76.9.H85  |b K57 1990 
082 0 0 |a 004/.01/9  |2 20 
100 1 |a Kirakowski, Jurek. 
245 1 0 |a Effective methodology for the study of HCI /  |c Jurek Kirakowski and Mary Corbett. 
264 1 |a Amsterdam ;  |a New York :  |b North-Holland ;  |c 1990. 
264 2 |a New York, N.Y., U.S.A. :  |b Distributors for the U.S.A. and Canada, Elsevier Science Pub. Co., 
300 |a xviii, 363 pages ;  |c 25 cm. 
336 |a text  |b txt  |2 rdacontent 
337 |a unmediated  |b n  |2 rdamedia 
338 |a volume  |b nc  |2 rdacarrier 
490 1 |a Human factors in information technology ;  |v 5 
504 |a Includes bibliographical references (pages [333]-349). 
500 |a Includes indexes. 
650 0 |a Human-computer interaction. 
700 1 |a Corbett, Mary. 
830 0 |a Human factors in information technology ;  |v 5. 
999 |a MARS 
999 f f |s dce6bc6d-48ae-3b83-9853-d109d4c3ce68  |i de20826e-84c0-3a82-b7a4-4c22f3ee90ac  |t 0 
952 f f |p ric  |a Texas A&M University  |b Rellis Campus  |c Joint Library Facility  |d Remote Storage  |t 0  |e QA76.9.H85 K57 1990  |h Library of Congress classification  |i unmediated -- volume  |m A14813009866 
998 f f |a QA76.9.H85 K57 1990  |t 0  |l Remote Storage